000 00787nam a2200241 i 4500
001 109919
003 ES-MaACL
005 20251120110522.0
007 t|
008 061121s1909 be af |||| |bfre d
080 _a75Hals, Frans
100 1 _aMoes, Ernest Wilhelm.
_981776
245 1 0 _aFrans Hals
_b: sa vie et son oeuvre /
_cpar E. W. Moes ; [traduit par J. de Bosschere].
260 _aBruxelles :
_bG. van Oest & Cie.,
_c1909.
300 _a118 p. :
_bil. ;
_c29 x 23 cm.
530 _aDisponible en formato digital.
600 1 4 _aHals, Frans.
_9150725
700 1 _aBosschere, Jean de.
_9199775
852 _aES-MaACL
_jF-121
_cDEPO2
856 4 _uhttp://archive.org/details/franshalssavieet00moesuoft
_y(Internet Archive)
942 _2udc
999 _c109919
_d109919